R&D and productivity the econometric evidence /

Bibliographic Details
Main Author: Griliches, Zvi, 1930-1999.
Corporate Author: ProQuest (Firm)
Format: Electronic eBook
Language:English
Published: Chicago : University of Chicago Press, 1998.
Series:National Bureau of Economic Research monograph.
Subjects:
Online Access:Click to View
LEADER 01567nam a2200421Ia 4500
001 EBC408425
003 MiAaPQ
005 20200520144314.0
006 m o d |
007 cr cn|||||||||
008 970805s1998 ilua sb 001 0 eng d
010 |z  97033587  
020 |z 0226308863 (cloth : alk. paper) 
020 |z 9780226308869 
020 |z 9780226308906 
035 |a (MiAaPQ)EBC408425 
035 |a (Au-PeEL)EBL408425 
035 |a (CaPaEBR)ebr10216965 
035 |a (CaONFJC)MIL122354 
035 |a (OCoLC)808772352 
040 |a MiAaPQ  |c MiAaPQ  |d MiAaPQ 
050 4 |a HC79.R4  |b G74 1998 
082 0 4 |a 338/.06  |2 21 
100 1 |a Griliches, Zvi,  |d 1930-1999. 
245 1 0 |a R&D and productivity  |h [electronic resource] :  |b the econometric evidence /  |c Zvi Griliches. 
246 3 |a R & D and productivity 
246 3 |a R and D and productivity 
260 |a Chicago :  |b University of Chicago Press,  |c 1998. 
300 |a xi, 382 p. :  |b ill. 
490 1 |a National Bureau of Economic Research monograph 
504 |a Includes bibliographical references and indexes. 
533 |a Electronic reproduction. Ann Arbor, MI : ProQuest, 2015. Available via World Wide Web. Access may be limited to ProQuest affiliated libraries. 
650 0 |a Industrial productivity. 
650 0 |a Research, Industrial  |x Economic aspects. 
655 4 |a Electronic books. 
710 2 |a ProQuest (Firm) 
830 0 |a National Bureau of Economic Research monograph. 
856 4 0 |u https://ebookcentral.proquest.com/lib/matrademy/detail.action?docID=408425  |z Click to View